[Event "ch-ISL 2023"]
[Site "Hafnarfjordur ISL"]
[Date "2023.05.18"]
[Round "4.2"]
[White "Kjartansson, Gudmundur"]
[Black "Hjartarson, Johann"]
[Result "1-0"]
[WhiteTitle "GM"]
[BlackTitle "GM"]
[WhiteElo "2402"]
[BlackElo "2466"]
[WhiteFideId "2301318"]
[BlackFideId "2300044"]
[EventDate "2023.05.15"]

1. Nf3 Nf6 2. c4 c5 3. Nc3 e6 4. g3 b6 5. Bg2 Bb7 6. O-O Be7 7. d4 cxd4 8. Qxd4
d6 9. Rd1 O-O 10. Bg5 Nbd7 11. Nb5 d5 12. cxd5 exd5 13. Nc3 h6 14. Be3 Re8 15.
Qd3 Nc5 16. Qf5 g6 17. Qc2 Bf8 18. Bd4 Bg7 19. e3 Qe7 20. Bxf6 Qxf6 21. Nd4 Ne4
22. Rac1 a6 23. Bh3 Re7 24. Nxe4 dxe4 25. b4 h5 26. a4 h4 27. Nc6 Rc7 28. b5
axb5 29. axb5 hxg3 30. hxg3 Qb2 31. Bd7 Qxc2 32. Rxc2 Kf8 33. Kg2 Bf6 34. Rc4
Kg7 35. Na5 Rxc4 36. Nxc4 Ra2 37. Nd6 Bg5 38. Nxb7 Bxe3 39. Rf1 Bd4 40. Kg1 Rd2
41. Bc6 f5 42. Nd6 Rc2 43. Ne8+ Kh6 44. Nc7 e3 45. Ne6 Be5 46. fxe3 Bxg3 47. Rf3
Bh4 48. e4 fxe4 49. Bxe4 Re2 50. Rf4 Bg5 51. Rg4 Be3+ 52. Kf1 Rf2+ 53. Ke1 1-0

[Event "ch-ISL 2023"]
[Site "Hafnarfjordur ISL"]
[Date "2023.05.18"]
[Round "4.3"]
[White "Ragnarsson, Dagur"]
[Black "Gretarsson, Hjorvar Steinn"]
[Result "1/2-1/2"]
[WhiteTitle "IM"]
[BlackTitle "GM"]
[WhiteElo "2346"]
[BlackElo "2539"]
[WhiteFideId "2304058"]
[BlackFideId "2302241"]
[EventDate "2023.05.15"]

1. c4 e6 2. g3 d5 3. Bg2 Nf6 4. Nf3 dxc4 5. Qa4+ Bd7 6. Qxc4 c5 7. d4 b5 8. Qc2
Na6 9. dxc5 Rc8 10. O-O Bxc5 11. Qd1 b4 12. a4 Bc6 13. Qxd8+ Kxd8 14. Nbd2 Ke7
15. Ne5 Bd5 16. Nd3 Rhd8 17. Bxd5 Nxd5 18. Nb3 Bd6 19. Bd2 e5 20. f3 Nb6 21.
Rfc1 Nc4 22. Be1 f5 23. g4 Ke6 24. gxf5+ Kxf5 25. Bf2 Rd7 26. Nd2 Rdc7 27. Nxc4
Rxc4 28. Rxc4 Rxc4 29. Bxa7 b3 30. Rc1 Rxa4 31. Rc6 Ke6 32. Rb6 Kd7 33. Rxb3 e4
34. fxe4 Rxe4 35. Kf1 Rh4 36. h3 Nc7 37. Bf2 Rh5 38. e4 Ne6 39. Kg2 Rg5+ 40. Kf3
Ra5 41. h4 h5 42. Rb7+ Kc6 43. Rb6+ Kd7 44. Bg3 Bxg3 45. Kxg3 g5 46. Rb7+ Kd6
47. hxg5 Rxg5+ 48. Kf2 h4 49. Rh7 Rg4 50. Rh6 Rxe4 51. Kf3 Rc4 52. Ke3 Kd5 53.
Rh5+ Kd6 54. Rh6 Kd5 55. Rh5+ Kd6 1/2-1/2

[Event "ch-ISL 2023"]
[Site "Hafnarfjordur ISL"]
[Date "2023.05.18"]
[Round "4.4"]
[White "Danielsen, Henrik"]
[Black "Heimisson, Hilmir Freyr"]
[Result "0-1"]
[WhiteTitle "GM"]
[BlackTitle "IM"]
[WhiteElo "2501"]
[BlackElo "2353"]
[WhiteFideId "1400185"]
[BlackFideId "2309998"]
[EventDate "2023.05.15"]

1. g3 d5 2. Bg2 Nf6 3. Nf3 e6 4. O-O c5 5. c4 d4 6. d3 Nc6 7. e3 h6 8. exd4 cxd4
9. Bf4 Nd7 10. Re1 Bb4 11. Nbd2 a5 12. a3 Be7 13. Nb3 g5 14. Be5 Rg8 15. g4 a4
16. Nc1 h5 17. h3 hxg4 18. hxg4 Ncxe5 19. Nxe5 Bd6 20. Nf3 Qf6 21. Ne2 Ne5 22.
Nxe5 Bxe5 23. Ng3 Bxg3 24. fxg3 Rh8 25. Rf1 Qg7 26. Qf3 Ra6 27. c5 Rc6 28. Rac1
Bd7 29. Rce1 Rc7 30. Qd5 Qh6 31. Qxd4 Qh2+ 32. Kf2 Bc6 33. Rg1 Rh6 34. Kf1 Rd7
35. Qf2 Rxd3 36. Bxc6+ bxc6 37. Rg2 Qh3 38. Re3 Rxe3 39. Qxe3 Qxg4 40. Qe5 Qd1+
41. Kf2 Rh1 0-1

[Event "ch-ISL 2023"]
[Site "Hafnarfjordur ISL"]
[Date "2023.05.18"]
[Round "4.5"]
[White "Domalchuk-Jonasson, Aleksandr"]
[Black "Stefansson, Hannes"]
[Result "0-1"]
[WhiteTitle "FM"]
[BlackTitle "GM"]
[WhiteElo "2338"]
[BlackElo "2521"]
[WhiteFideId "14142805"]
[BlackFideId "2300087"]
[EventDate "2023.05.15"]

1. d4 Nf6 2. c4 e6 3. Nc3 Bb4 4. Qc2 c5 5. dxc5 O-O 6. a3 Bxc5 7. Nf3 b6 8. Bg5
Bb7 9. e3 h6 10. Bh4 Be7 11. Be2 d6 12. O-O Nbd7 13. Rfd1 Qc7 14. h3 a6 15. Rac1
Rac8 16. Bg3 Rfd8 17. Nd2 Qb8 18. Qb1 Qa8 19. Bf3 Bxf3 20. Nxf3 Nf8 21. Nd2 Qb7
22. Qd3 Ng6 23. Qe2 h5 24. Bh2 h4 25. Nf3 Qc6 26. Na2 Ne4 27. Nd4 Qb7 28. Nc3
Nxc3 29. Rxc3 d5 30. Rdc1 e5 31. Nf5 Bf6 32. cxd5 Rxc3 33. bxc3 Qxd5 34. e4 Qa5
35. Qb2 Bg5 36. Rb1 Qa4 37. Ne3 Bxe3 38. fxe3 Qxe4 39. Qxb6 Rd2 40. Qb7 Rd1+ 0-1

[Event "ch-ISL 2023"]
[Site "Hafnarfjordur ISL"]
[Date "2023.05.18"]
[Round "4.6"]
[White "Ingvason, Johann"]
[Black "Thorfinnsson, Bragi"]
[Result "0-1"]
[BlackTitle "GM"]
[WhiteElo "2076"]
[BlackElo "2431"]
[WhiteFideId "2301431"]
[BlackFideId "2300958"]
[EventDate "2023.05.15"]

1. d4 Nf6 2. c4 c5 3. d5 g6 4. g3 Bg7 5. Bg2 O-O 6. Nf3 d6 7. Nc3 e6 8. O-O exd5
9. cxd5 Re8 10. Bf4 a6 11. a4 Nh5 12. Bg5 Qb6 13. Qc1 Nd7 14. a5 Qc7 15. e4 Rb8
16. h3 b5 17. axb6 Rxb6 18. Re1 Rb4 19. g4 Nhf6 20. Qc2 h5 21. gxh5 Nxh5 22. Be3
Ne5 23. Nxe5 Bxe5 24. Qd2 Qb7 25. Re2 Bd7 26. Rae1 Bb5 27. Nxb5 Qxb5 28. Qc1 a5
29. f4 Bxb2 30. Rxb2 Rxb2 31. f5 Ng3 32. Qd1 Re2 33. fxg6 fxg6 34. Bf2 Qb2 35.
Rxe2 Nxe2+ 36. Kf1 Nf4 37. Qg4 Qa1+ 38. Be1 Rf8 39. Bf3 a4 40. h4 a3 41. h5 a2
42. hxg6 Qg7 0-1

[Event "ch-ISL 2023"]
[Site "Hafnarfjordur ISL"]
[Date "2023.05.19"]
[Round "5.1"]
[White "Thorfinnsson, Bragi"]
[Black "Ptacnikova, Lenka"]
[Result "1-0"]
[WhiteTitle "GM"]
[BlackTitle "WGM"]
[WhiteElo "2431"]
[BlackElo "2099"]
[WhiteFideId "2300958"]
[BlackFideId "305650"]
[EventDate "2023.05.15"]

1. e4 d6 2. d4 Nf6 3. Nc3 e5 4. Nf3 Nbd7 5. Bc4 Be7 6. O-O O-O 7. a4 a5 8. Re1
h6 9. h3 c6 10. Ba2 Re8 11. Be3 Bf8 12. Nd2 exd4 13. Bxd4 b6 14. f4 Nc5 15. Qf3
Ne6 16. Bf2 Bb7 17. Nc4 Ra6 18. e5 dxe5 19. fxe5 Nd7 20. Rad1 Qc7 21. Qg3 Bc5
22. Ne4 Bxf2+ 23. Nxf2 Ndc5 24. Ng4 Kh8 25. Nd6 Rf8 26. Qh4 Kh7 27. c3 Rh8 28.
Rf1 Qd8 29. Nf6+ gxf6 30. Nxf7 Qf8 31. Rxf6 Kg7 32. Qh5 1-0

[Event "ch-ISL 2023"]
[Site "Hafnarfjordur ISL"]
[Date "2023.05.19"]
[Round "5.2"]
[White "Stefansson, Hannes"]
[Black "Ingvason, Johann"]
[Result "1-0"]
[WhiteTitle "GM"]
[WhiteElo "2521"]
[BlackElo "2076"]
[WhiteFideId "2300087"]
[BlackFideId "2301431"]
[EventDate "2023.05.15"]

1. e4 e5 2. Nf3 Nc6 3. Bb5 Nf6 4. O-O Nxe4 5. d4 Nd6 6. Bxc6 dxc6 7. dxe5 Nf5 8.
Qxd8+ Kxd8 9. h3 Ke8 10. Nc3 Ne7 11. Re1 Ng6 12. a3 Be7 13. Ne4 Bd7 14. Kh2 Rd8
15. Bd2 c5 16. Nf6+ gxf6 17. exf6 Be6 18. fxe7 Kxe7 19. Bg5+ f6 20. Be3 b6 21.
b4 Kf7 22. bxc5 bxc5 23. Bxc5 a6 24. Re3 Rhe8 25. Rc3 Nf4 26. Bd4 Rd7 27. Rc6
Ne2 28. c3 Rb8 29. Rxa6 c5 30. Bxc5 Nxc3 31. Rc1 Ne2 32. Rc2 Rc8 33. Rxe6 1-0

[Event "ch-ISL 2023"]
[Site "Hafnarfjordur ISL"]
[Date "2023.05.19"]
[Round "5.3"]
[White "Heimisson, Hilmir Freyr"]
[Black "Domalchuk-Jonasson, Aleksandr"]
[Result "1-0"]
[WhiteTitle "IM"]
[BlackTitle "FM"]
[WhiteElo "2353"]
[BlackElo "2338"]
[WhiteFideId "2309998"]
[BlackFideId "14142805"]
[EventDate "2023.05.15"]

1. e4 e6 2. d4 d5 3. Nc3 Nf6 4. e5 Nfd7 5. f4 c5 6. Nf3 Nc6 7. Be3 a6 8. a3 b5
9. Bd3 Be7 10. O-O Qc7 11. Qe1 b4 12. axb4 Nxb4 13. Rc1 cxd4 14. Nxd4 g6 15. Be2
Nb6 16. Nd1 Bd7 17. Bf2 Nc6 18. Nb3 Nc4 19. Kh1 Nd8 20. Bh4 g5 21. Bg3 h5 22. h3
h4 23. Bh2 gxf4 24. Bxf4 Rb8 25. Nd4 Qa7 26. b3 Qxd4 27. bxc4 dxc4 28. Ne3 Bc6
29. Rd1 Qc5 30. Ng4 Bd5 31. Bf3 Rb7 32. Ne3 Bxf3 33. Rxf3 Nc6 34. Qf1 Na5 35.
Bh2 Rh7 36. Bg1 Qc6 37. Rf4 Rc7 38. Rg4 Rh8 39. Rg7 Bf8 40. Qf6 Nb7 41. Rg4 Rh6
42. Qf1 Nc5 43. Nxc4 Rd7 44. Rxd7 Qxd7 45. Nd6+ Bxd6 46. Rg8+ Ke7 47. Qf4 Ne4
48. exd6+ Qxd6 49. Qxe4 Rh5 50. c4 Qd1 51. c5 Rxc5 52. Qxh4+ 1-0

[Event "ch-ISL 2023"]
[Site "Hafnarfjordur ISL"]
[Date "2023.05.19"]
[Round "5.4"]
[White "Gretarsson, Hjorvar Steinn"]
[Black "Danielsen, Henrik"]
[Result "1-0"]
[WhiteTitle "GM"]
[BlackTitle "GM"]
[WhiteElo "2539"]
[BlackElo "2501"]
[WhiteFideId "2302241"]
[BlackFideId "1400185"]
[EventDate "2023.05.15"]

1. e4 e5 2. Nf3 Nf6 3. Nxe5 d6 4. Nf3 Nxe4 5. d4 d5 6. Bd3 Nc6 7. O-O Be7 8.
Nbd2 Bf5 9. Re1 Nxd2 10. Qxd2 Bxd3 11. Qxd3 O-O 12. c3 Qd7 13. Bf4 Rae8 14. Qb5
b6 15. g3 Bd8 16. Kg2 Ne5 17. Qxd7 Nxd7 18. a4 f6 19. h4 h5 20. b4 Rxe1 21. Rxe1
a6 22. b5 a5 23. Nd2 Rf7 24. c4 dxc4 25. Nxc4 Nf8 26. d5 Ng6 27. Re8+ Rf8 28.
Re6 Kf7 29. Kf3 Re8 30. Rxe8 Kxe8 31. Be3 Ne7 32. Ke4 Nc8 33. Kf5 Kf7 34. Bf4
g6+ 35. Ke4 g5 36. hxg5 fxg5 37. Be5 Kg6 38. f4 h4 39. g4 gxf4 40. Bxf4 Kf6 41.
Bh2 Kg5 42. Kf3 Ne7 43. Ne5 Nxd5 44. Nf7+ Kf6 45. Nxd8 Nc3 46. Bxc7 Nxa4 47. Nc6
Ke6 48. Nd4+ Kd7 49. g5 1-0

[Event "ch-ISL 2023"]
[Site "Hafnarfjordur ISL"]
[Date "2023.05.19"]
[Round "5.5"]
[White "Hjartarson, Johann"]
[Black "Ragnarsson, Dagur"]
[Result "1-0"]
[WhiteTitle "GM"]
[BlackTitle "IM"]
[WhiteElo "2466"]
[BlackElo "2346"]
[WhiteFideId "2300044"]
[BlackFideId "2304058"]
[EventDate "2023.05.15"]

1. c4 e5 2. Nc3 Nf6 3. Nf3 Nc6 4. e3 Bb4 5. Qc2 Bxc3 6. bxc3 O-O 7. Be2 d6 8. e4
h6 9. O-O Nh7 10. d4 Qf6 11. Be3 Bg4 12. Rfd1 Rfe8 13. d5 Ne7 14. c5 Ng6 15. Ne1
Bxe2 16. Qxe2 Nf4 17. Qc2 dxc5 18. Bxc5 c6 19. g3 cxd5 20. gxf4 Qg6+ 21. Kh1
exf4 22. e5 Qh5 23. Bd4 Ng5 24. Qf5 Re6 25. Ng2 Rg6 26. Rd3 1-0

[Event "ch-ISL 2023"]
[Site "Hafnarfjordur ISL"]
[Date "2023.05.19"]
[Round "5.6"]
[White "Stefansson, Vignir Vatnar"]
[Black "Kjartansson, Gudmundur"]
[Result "1/2-1/2"]
[WhiteTitle "IM"]
[BlackTitle "GM"]
[WhiteElo "2470"]
[BlackElo "2402"]
[WhiteFideId "2308649"]
[BlackFideId "2301318"]
[EventDate "2023.05.15"]

1. Nf3 d5 2. d4 Nf6 3. c4 e6 4. g3 Be7 5. Bg2 O-O 6. O-O dxc4 7. Qc2 b5 8. a4
Bb7 9. axb5 a6 10. bxa6 Nxa6 11. Qxc4 Bd5 12. Qc3 c5 13. Be3 Ne4 14. Qe1 Nb4 15.
Rxa8 Qxa8 16. Nc3 Nxc3 17. bxc3 Nc2 18. Qd2 Nxe3 19. Qxe3 h6 20. Qf4 Bg5 21. Qd6
cxd4 22. cxd4 Rd8 23. Qb4 Be4 24. Ne1 Bxg2 25. Nxg2 Qe4 26. e3 e5 27. Qb1 Qxb1
28. Rxb1 exd4 29. Rd1 dxe3 30. Rxd8+ Bxd8 31. Nxe3 1/2-1/2

[Event "ch-ISL 2023"]
[Site "Hafnarfjordur ISL"]
[Date "2023.05.20"]
[Round "6.1"]
[White "Ptacnikova, Lenka"]
[Black "Kjartansson, Gudmundur"]
[Result "0-1"]
[WhiteTitle "WGM"]
[BlackTitle "GM"]
[WhiteElo "2099"]
[BlackElo "2402"]
[WhiteFideId "305650"]
[BlackFideId "2301318"]
[EventDate "2023.05.15"]

1. c4 e6 2. g3 d5 3. Bg2 Nf6 4. Nf3 Be7 5. O-O O-O 6. d4 dxc4 7. Qc2 a6 8. a4
Bd7 9. Ne5 Bc6 10. Nxc6 Nxc6 11. Bxc6 bxc6 12. Qxc4 Qd5 13. Qxd5 cxd5 14. Bf4
Rfb8 15. Ra2 Rb4 16. Bxc7 Rxd4 17. b3 Rb4 18. Nd2 Rb7 19. Rc1 Bb4 20. Nf3 Ne4
21. Be5 f6 22. Bb2 Bc5 23. Bd4 Bf8 24. Rc6 e5 25. Bb6 a5 26. Rac2 d4 27. Bxd4
exd4 28. Nxd4 Rd8 29. e3 Rd5 30. Rc8 Kf7 31. f3 Nc5 32. Rc3 Be7 33. Ra8 Ne6 34.
Nb5 Rd1+ 35. Kg2 Rd2+ 0-1

[Event "ch-ISL 2023"]
[Site "Hafnarfjordur ISL"]
[Date "2023.05.20"]
[Round "6.2"]
[White "Ragnarsson, Dagur"]
[Black "Stefansson, Vignir Vatnar"]
[Result "0-1"]
[WhiteTitle "IM"]
[BlackTitle "IM"]
[WhiteElo "2346"]
[BlackElo "2470"]
[WhiteFideId "2304058"]
[BlackFideId "2308649"]
[EventDate "2023.05.15"]

1. d4 Nf6 2. Nf3 d5 3. g3 c5 4. Bg2 cxd4 5. O-O h6 6. b3 e6 7. Bb2 Be7 8. Nbd2
O-O 9. Re1 Qc7 10. Bxd4 Nc6 11. Bb2 Rd8 12. c4 dxc4 13. bxc4 e5 14. Qc2 Be6 15.
Red1 Rac8 16. Rac1 Nd7 17. Nf1 Bc5 18. N3d2 Nd4 19. Bxd4 Bxd4 20. Nb3 Bb6 21.
Qe4 Nf6 22. Rxd8+ Qxd8 23. Qd3 Qe7 24. Ne3 Rd8 25. Nd5 Bxd5 26. Bxd5 e4 27. Qc2
e3 28. f3 Nxd5 29. cxd5 Rxd5 30. Rd1 Qd7 31. Rxd5 Qxd5 32. Kf1 a5 33. Qd3 Qe6
34. Qb5 Qc6 35. Qxc6 bxc6 36. Ke1 f5 37. Kd1 c5 38. Na1 c4 39. Nc2 Bc5 40. Ne1
Kf7 41. Kc2 Ke6 42. Ng2 g5 43. Kc3 Kd5 44. a3 Bd4+ 45. Kc2 a4 46. h4 Ke6 47. Kb1
Kf6 48. Kc2 Kg6 49. hxg5 hxg5 50. Kc1 Kf6 51. Kb1 Ke5 52. Kc2 Kd5 53. Kc1 Bc5
54. Kb2 Kd4 55. g4 fxg4 56. fxg4 c3+ 57. Kc2 Bxa3 58. Ne1 Ke4 59. Kxc3 Kf4 60.
Ng2+ Kxg4 61. Nxe3+ Kh3 62. Kc4 Bf8 63. Nd5 g4 64. Nf4+ Kh2 65. Ng6 g3 0-1

[Event "ch-ISL 2023"]
[Site "Hafnarfjordur ISL"]
[Date "2023.05.20"]
[Round "6.3"]
[White "Danielsen, Henrik"]
[Black "Hjartarson, Johann"]
[Result "0-1"]
[WhiteTitle "GM"]
[BlackTitle "GM"]
[WhiteElo "2501"]
[BlackElo "2466"]
[WhiteFideId "1400185"]
[BlackFideId "2300044"]
[EventDate "2023.05.15"]

1. g3 g6 2. c4 Bg7 3. Bg2 Nf6 4. Nc3 O-O 5. e4 d6 6. Nge2 c5 7. O-O Nc6 8. d3 a6
9. h3 Rb8 10. a4 Ne8 11. Be3 e5 12. Nd5 Nc7 13. Nec3 Nxd5 14. Nxd5 Be6 15. Nc3
b6 16. Kh2 Qd7 17. h4 f5 18. exf5 gxf5 19. f4 Kh8 20. Qd2 Nb4 21. Rae1 a5 22.
Rd1 Rg8 23. fxe5 dxe5 24. Bg5 Rbf8 25. Bh3 f4 26. Bxe6 Qxe6 27. Qe2 fxg3+ 28.
Kg2 Rf2+ 29. Rxf2 gxf2 30. Ne4 Nc6 31. Nxf2 Nd4 32. Qe4 Bf6 33. Nh3 h6 34. Rh1
Qc6 35. Kf2 hxg5 0-1

[Event "ch-ISL 2023"]
[Site "Hafnarfjordur ISL"]
[Date "2023.05.20"]
[Round "6.4"]
[White "Domalchuk-Jonasson, Aleksandr"]
[Black "Gretarsson, Hjorvar Steinn"]
[Result "1-0"]
[WhiteTitle "FM"]
[BlackTitle "GM"]
[WhiteElo "2338"]
[BlackElo "2539"]
[WhiteFideId "14142805"]
[BlackFideId "2302241"]
[EventDate "2023.05.15"]

1. c4 e5 2. Nc3 Nc6 3. Nf3 g6 4. g3 Bg7 5. Bg2 d6 6. d3 Nge7 7. Rb1 a5 8. a3 f5
9. Bd2 O-O 10. b4 axb4 11. axb4 Qe8 12. Qc1 Bd7 13. h4 f4 14. b5 Nd8 15. Ng5 h6
16. Nge4 Ne6 17. b6 Bc6 18. bxc7 Qd7 19. Nd5 Rae8 20. Bb4 Nf5 21. g4 Nfd4 22.
Bxd6 f3 23. Bxf3 Bxd5 24. cxd5 Nf4 25. Qd2 Nxd5 26. Qa2 Rxf3 27. Qxd5+ Rf7 28.
Rxb7 Rc8 29. Rb8 Qxg4 30. f3 Qd7 31. Nc5 Qf5 32. Qe4 1-0

[Event "ch-ISL 2023"]
[Site "Hafnarfjordur ISL"]
[Date "2023.05.20"]
[Round "6.5"]
[White "Ingvason, Johann"]
[Black "Heimisson, Hilmir Freyr"]
[Result "0-1"]
[BlackTitle "IM"]
[WhiteElo "2076"]
[BlackElo "2353"]
[WhiteFideId "2301431"]
[BlackFideId "2309998"]
[EventDate "2023.05.15"]

1. d4 Nf6 2. c4 e6 3. g3 c5 4. d5 exd5 5. cxd5 d6 6. Nc3 g6 7. Bg2 Bg7 8. Nf3
O-O 9. O-O Re8 10. Bf4 Bf5 11. Nh4 Bg4 12. Qd2 b5 13. Rfe1 a6 14. a3 Bc8 15. h3
Qb6 16. e4 Nbd7 17. Be3 Bb7 18. f4 Re7 19. Bf2 Qd8 20. e5 Ne8 21. e6 Nb6 22. f5
Nc4 23. Qc2 Ne5 24. exf7+ Rxf7 25. fxg6 hxg6 26. Nxg6 Qg5 27. Nxe5 Bxe5 28. Kh2
Ng7 29. Re4 Bc8 30. Rh4 Qxh4 0-1

[Event "ch-ISL 2023"]
[Site "Hafnarfjordur ISL"]
[Date "2023.05.20"]
[Round "6.6"]
[White "Thorfinnsson, Bragi"]
[Black "Stefansson, Hannes"]
[Result "0-1"]
[WhiteTitle "GM"]
[BlackTitle "GM"]
[WhiteElo "2431"]
[BlackElo "2521"]
[WhiteFideId "2300958"]
[BlackFideId "2300087"]
[EventDate "2023.05.15"]

1. e4 c6 2. d4 d5 3. Nc3 dxe4 4. Nxe4 Bf5 5. Qf3 e6 6. Be3 Nd7 7. Bd3 Bg6 8. Ne2
Ngf6 9. N2g3 Nd5 10. Bg5 Qb6 11. O-O-O h6 12. Be3 O-O-O 13. h4 Qa5 14. Bc4 f5
15. Nd2 e5 16. Nb3 Qxa2 17. Bxd5 cxd5 18. dxe5 Nxe5 19. Qe2 Nc4 20. Bd4 Bd6 21.
Qf3 Kb8 22. h5 Bh7 23. Ne2 f4 24. Qxd5 Rc8 25. Bxg7 Ba3 0-1

[Event "ch-ISL 2023"]
[Site "Hafnarfjordur ISL"]
[Date "2023.05.21"]
[Round "7.1"]
[White "Stefansson, Hannes"]
[Black "Ptacnikova, Lenka"]
[Result "1-0"]
[WhiteTitle "GM"]
[BlackTitle "WGM"]
[WhiteElo "2521"]
[BlackElo "2099"]
[WhiteFideId "2300087"]
[BlackFideId "305650"]
[EventDate "2023.05.15"]

1. e4 c5 2. Nf3 d6 3. d4 cxd4 4. Nxd4 Nf6 5. Nc3 g6 6. Be3 Bg7 7. f3 O-O 8. Qd2
Nc6 9. O-O-O d5 10. exd5 Nxd5 11. Nxc6 bxc6 12. Bd4 e5 13. Bc5 Re8 14. Bc4 Qh4
15. Bxd5 cxd5 16. Bf2 Qb4 17. Nxd5 Qc4 18. b3 Qa6 19. Kb1 e4 20. Bd4 exf3 21.
Bxg7 1-0

[Event "ch-ISL 2023"]
[Site "Hafnarfjordur ISL"]
[Date "2023.05.21"]
[Round "7.2"]
[White "Heimisson, Hilmir Freyr"]
[Black "Thorfinnsson, Bragi"]
[Result "1-0"]
[WhiteTitle "IM"]
[BlackTitle "GM"]
[WhiteElo "2353"]
[BlackElo "2431"]
[WhiteFideId "2309998"]
[BlackFideId "2300958"]
[EventDate "2023.05.15"]

1. e4 c6 2. d4 g6 3. Nf3 d5 4. exd5 cxd5 5. Bf4 Bg7 6. Be2 Nc6 7. O-O Nf6 8. h3
O-O 9. c3 Bf5 10. Nbd2 Rc8 11. Re1 Ne4 12. Nf1 Na5 13. Ne3 Be6 14. Ng5 Nxg5 15.
Bxg5 f6 16. Bf4 Bf7 17. Ng4 g5 18. Bh2 Nc4 19. Qb3 Qd7 20. Bd3 Rc6 21. Qc2 h6
22. Ne3 Rb6 23. Nxc4 dxc4 24. Be4 a5 25. Bf3 e6 26. Rad1 Qb5 27. Rd2 a4 28. a3
Ra8 29. Bc7 Rba6 30. d5 exd5 31. Re7 Re8 32. Rxe8+ Qxe8 33. Bxd5 Bxd5 34. Rxd5
Ra8 35. Qf5 Qe1+ 36. Kh2 Re8 37. Rb5 Qe4 38. Qxe4 Rxe4 39. Rxb7 Re2 40. Kg3 Bf8
41. Rb5 Kf7 42. Kf3 Re1 43. g4 Be7 44. Bg3 Kg6 45. h4 Kf7 46. h5 Ke6 47. Rb8 Kf7
48. Rb7 Ke6 49. Rb6+ Kf7 50. Rb8 Ke6 51. Rb6+ Kf7 52. Bb8 Bd8 53. Rb7+ Ke6 54.
Rb5 Be7 55. Ba7 Re5 56. Rb8 Kf7 57. Bd4 Re1 58. Rb6 Rg1 59. Be3 Ke8 60. Rb8+ Kf7
61. Rb6 Ke8 62. Re6 Kf7 63. Re4 Rb1 64. Rxc4 Rxb2 65. Rxa4 Rb3 66. Ra7 Rxc3 67.
a4 Ke6 68. Ra6+ Kd5 69. Ra8 Ra3 70. a5 Bc5 71. a6 Bb6 72. a7 Kd6 73. Ke4 Kc7 74.
Bxb6+ Kxb6 75. Rf8 1-0

[Event "ch-ISL 2023"]
[Site "Hafnarfjordur ISL"]
[Date "2023.05.21"]
[Round "7.3"]
[White "Gretarsson, Hjorvar Steinn"]
[Black "Ingvason, Johann"]
[Result "1-0"]
[WhiteTitle "GM"]
[WhiteElo "2539"]
[BlackElo "2076"]
[WhiteFideId "2302241"]
[BlackFideId "2301431"]
[EventDate "2023.05.15"]

1. d4 d5 2. c4 c6 3. Nf3 Nf6 4. g3 Bf5 5. Nc3 e6 6. Nh4 Bg4 7. h3 Bh5 8. Qb3 Qb6
9. c5 Qxb3 10. axb3 Be7 11. g4 Nfd7 12. Nf3 Bg6 13. b4 f6 14. b5 O-O 15. e3 a6
16. b6 Re8 17. b4 Bf8 18. Bd2 e5 19. Kd1 Bf7 20. Rg1 g6 21. Ne1 Bg7 22. Nc2 Nf8
23. b5 Rd8 24. bxa6 Nxa6 25. Bxa6 bxa6 26. Nb4 Be8 27. Rxa6 f5 28. Ne2 fxg4 29.
hxg4 Ne6 30. Bc3 h6 31. Kc2 Kh7 32. Rga1 Rxa6 33. Nxa6 Rd7 34. dxe5 h5 35. Nd4
Nd8 36. Nc7 Re7 37. Ra8 Nb7 38. Rxe8 Rxe8 39. Nxe8 Bxe5 40. gxh5 gxh5 41. f4 Bh8
42. Ne6 Bxc3 43. Kxc3 h4 44. Kd4 Kg6 45. Ng5 Nd8 46. Nd6 Ne6+ 47. Nxe6 h3 48. b7 1-0

[Event "ch-ISL 2023"]
[Site "Hafnarfjordur ISL"]
[Date "2023.05.21"]
[Round "7.4"]
[White "Hjartarson, Johann"]
[Black "Domalchuk-Jonasson, Aleksandr"]
[Result "0-1"]
[WhiteTitle "GM"]
[BlackTitle "FM"]
[WhiteElo "2466"]
[BlackElo "2338"]
[WhiteFideId "2300044"]
[BlackFideId "14142805"]
[EventDate "2023.05.15"]

1. e4 c5 2. Nf3 d6 3. d4 cxd4 4. Nxd4 Nf6 5. Nc3 a6 6. Be3 e5 7. Nb3 Be7 8. h3
Be6 9. f4 exf4 10. Bxf4 Nc6 11. Qe2 Ne5 12. O-O-O Nfd7 13. Kb1 O-O 14. Qe3 Rc8
15. g4 b5 16. Nd4 Qc7 17. Rh2 Rfe8 18. Qg3 Bf8 19. g5 b4 20. Nd5 Bxd5 21. exd5
Nc5 22. h4 Qb7 23. Bg2 Nc4 24. Bc1 Ne4 25. Bxe4 Rxe4 26. Nc6 Rce8 27. Qd3 g6 28.
Rf1 Bg7 29. Rhf2 Qb5 30. Qf3 Qxd5 31. Nxb4 Qb7 32. Qxf7+ Qxf7 33. Rxf7 Re1 34.
Rxe1 Rxe1 35. Rf2 Bd4 36. Rg2 Bxb2 37. Nd3 Rh1 38. Rg4 Ne5 39. Nxe5 Bxc1 40. Nf3
Bxg5+ 41. Kb2 Bc1+ 42. Kb1 Ba3+ 43. Rg1 Rxg1+ 44. Nxg1 Kg7 45. Ne2 Kf6 0-1

[Event "ch-ISL 2023"]
[Site "Hafnarfjordur ISL"]
[Date "2023.05.21"]
[Round "7.5"]
[White "Stefansson, Vignir Vatnar"]
[Black "Danielsen, Henrik"]
[Result "1-0"]
[WhiteTitle "IM"]
[BlackTitle "GM"]
[WhiteElo "2470"]
[BlackElo "2501"]
[WhiteFideId "2308649"]
[BlackFideId "1400185"]
[EventDate "2023.05.15"]

1. Nf3 Nf6 2. c4 c6 3. d4 d5 4. Qb3 dxc4 5. Qxc4 Bf5 6. g3 e6 7. Bg2 Be7 8. O-O
Nbd7 9. Qb3 Qb6 10. Nbd2 h6 11. Nc4 Qxb3 12. axb3 Be4 13. Nfe5 Bxg2 14. Kxg2 O-O
15. Na5 c5 16. Nxb7 cxd4 17. Nc6 Bc5 18. Nxc5 Nxc5 19. b4 Ncd7 20. Nxd4 Rfb8 21.
Bd2 Nd5 22. Nc6 Rb6 23. Rfc1 f5 24. Rc4 a6 25. f3 Kh7 26. b3 Rc8 27. Ne5 Rd8 28.
Nd3 g5 29. Ra5 Kg6 30. h4 gxh4 31. Rxh4 Rh8 32. Ra1 Rc6 33. Kf2 h5 34. Rc4 Rb6
35. Rh1 Rh7 36. Rc8 Kf7 37. Rh4 Ke7 38. Bg5+ Kf7 39. Rd8 N5f6 40. Rd4 Kg6 41.
Bh4 1-0

[Event "ch-ISL 2023"]
[Site "Hafnarfjordur ISL"]
[Date "2023.05.21"]
[Round "7.6"]
[White "Kjartansson, Gudmundur"]
[Black "Ragnarsson, Dagur"]
[Result "1-0"]
[WhiteTitle "GM"]
[BlackTitle "IM"]
[WhiteElo "2402"]
[BlackElo "2346"]
[WhiteFideId "2301318"]
[BlackFideId "2304058"]
[EventDate "2023.05.15"]

1. Nf3 d5 2. d4 Nf6 3. c4 c6 4. e3 e6 5. Bd3 Nbd7 6. b3 Bd6 7. Bb2 b6 8. Nbd2
Bb7 9. O-O O-O 10. Re1 Re8 11. Ne5 Qc7 12. f4 c5 13. cxd5 exd5 14. Rc1 a6 15.
Qf3 Qd8 16. g4 cxd4 17. exd4 Bb4 18. Bc3 Bxc3 19. Rxc3 Ne4 20. Nxe4 dxe4 21.
Bxe4 Bxe4 22. Rxe4 Nf6 23. Ree3 h5 24. g5 Ng4 25. Red3 Rc8 26. Qb7 Rxc3 27.
Qxf7+ Kh7 28. Qxh5+ Kg8 29. Qf7+ Kh7 30. Rxc3 Qxd4+ 31. Kg2 Qd2+ 32. Kg3 Qxc3+
33. Kxg4 Qc8+ 34. Kh4 Qe6 35. g6+ Kh8 36. Kg3 Qc8 37. h4 Qc3+ 38. Nf3 Qc8 39.
Qd5 Qe6 40. Qh5+ Kg8 41. Qh7+ Kf8 42. h5 Qg8 43. Ne5 Ke7 44. f5 Kf6 45. Qxg8
Rxg8 46. Kf4 Rd8 47. Ng4+ Ke7 48. Kg5 Rd2 49. h6 gxh6+ 50. Kxh6 Rg2 51. Kg7 Rxg4
52. f6+ 1-0